000 03417nmm a2200265 a 4500
003 CO-CtgCURN
005 20250716210843.0
008 190715s2011 xx f 000 0 spa d
040 _aCO-CtgCURN
_bspa
_ccoctgcurn
082 _aDER 2011
_bB362p
100 _aBaza Benavides, Jazmany
_9227
_eautora
245 0 _aProtección de los derechos de autor en Colombia, por la reproducción, comercialización y venta ilegal de obras musicales a partir de la vigencia de la Ley 23 de 1982 periodo 2010-2011
_h[electronic resource] /
_cJazmany Baza Benavides; asesor., Ricardo Scalzo Gómez
260 _aBarranquilla, Atlántico :
_bCorporación Universitaria Rafael Núñez,
_c2011
300 _a1 recurso en línea (48 páginas (PDF))
502 _aTrabajo de Grado (Abogado). Corporación Universitaria Rafael Núñez. Facultad de Ciencias Sociales y Humanas. Programa de Derecho, 2011
504 _aIncluye referencias bibliográficas
520 _aDe acuerdo a las características que se han dado en Colombia, se puede apreciar que el derecho de autor es considerado como un conjunto de normas jurídicas y principios que regulas los derechos morales y patrimoniales que la ley concede a los autores (los derechos de autor), por el solo hecho de la creación de una obra literaria, artística, científica o didáctica, esté publicada o inédita, el presente trabajo monográfico pretende darle una connotación especial a este tema que ha cobrado gran importancia en nuestro país, y existen una serie de paradigmas que le permiten concebir los niveles de apreciaciones en el marco legal colombiano, este ha mantenido un sentido proporcional con los principales organismo como SAYCO y ACINPRO, En Barranquilla cuyas bases han sido generalizar un compromiso social y jurídico, pero muy a pesar en esta ciudad aun se suscitan fenómenos de faltas contra los derechos de autor y no de este es la piratería que se observa en las calles de manera indiscriminada. Este trabajo cuyo tema esencial son los derechos de autor en Colombia, se llevo a cabo por que la investigación es de gran interés e importancia teniendo en cuenta a lo largo de esta se ha podido evidenciar que no existe un amplio conocimiento sobre el tema, y que eso es lo que ha ocasionado que haya un desconocimiento por parte de la sociedad y de los artistas, si no a trasmitirles al pueblo mensajes convertidos en melodías, pero a las vez no contando con las astucia de unos pocos que día a día han venido menoscabando su principal derecho como lo denomina la ley, los derechos que eta problemática se viene presentando desde hacen muchos años atrás, lo que ha traído consigo es el menoscabo de las obras producidas por mentes ajenas a aquellas que solo se encargan del plagio de dichas obras originales , para entonces propiciarles un duro golpe a ese gran valor intelectual que leva intrínsecamente cada producción original e independiente de cualquier otra.
521 _aAREA PROFESIONAL
590 _aPrograma de Derecho_18
650 _aDerecho
_vTesis y disertaciones académicas
_9228
700 _aScalzo Gómez, Ricardo
_easesor
_9229
856 _uhttps://unicurn.sharepoint.com/:b:/s/biblioteca/EeWiIvfKD4JBnfcKAfXBRA0BROzcyhFutQS0J0jqHNn1Qg?e=dEECrn
_yConsulte aquí el texto completo
942 _cTG
_hDER 2011
_iB362p
_2ddc
_n0
999 _c371
_d371